00783nam a2200229Ii 45000010005000000030009000050080041000140200015000550400033000700410008001030820015001111000035001262450060001612640038002213000012002593360026002713370028002973380027003259400050003529990017004029520134004193457CO-ViMGA241108s9999||||xx |||||||||||||| ||und|| a9589507409 aCO-ViMGAbspaerdacCO-ViMGA0 aspa04a320.5 B7481 aNodier Botero Jiménez95083810aCrisis del bipartidismo y mitos del sistema en Colombia 1aBogotá, Colombia : Lerner, 1985 avolumen atextbtxt2rdacontent aunmediatedbn2rdamedia avolumebnc2rdacarrier aidficha_siabuc: 3373. -- ficha_no_siabuc:3457 c45533d45533 001040708001aMEVIGERRbMEVIGERRcGENd2006-11-27o320.5 B748pECA1872r2024-11-26 09:28:55tEj.1w2024-11-26yBKz3373 | 4983